01184nam a2200205Ia 4500003000400000005001700004008004100021040001000062041000800072082001200080100002900092245006300121260010200184300002300286504004700309520048600356653001500842653001500857710010600872Ost20260426125804.0260426s9999||||xx |||||||||||||| ||und|| cfsecg aeng a658.406 aCHERIFI, HASSIBAeAuthor 0aManagement of creativity and innovation /cHASSIBA CHERIFI aAlgiers :bUniversity of Algiers 3 Faculty of Economics Commercial Sciences and Management,c2024 a100 paper, c12 cm abibliography paper 79 - 85 Andex paper 86 aCREATIVITY THEORIES AND INNOVATION THEORIES,THE BASIC PRINCIPLES OF MANAGEMENT OF CREATIVITY AND INNOVATION, MANAGEMENT METHODS AND TOOLS OF CREATIVITY AND INNOVATION,DEFINITIONS AND SOLUTIONS IN THE MANAGEMENT OF CREATIVITY AND INNOVATION,EXAMENS OF BEST PRACTICES IN 52 THE MANAGEMENT OF CREATIVITY AND INNOVATION,INTELLECTUAL PROPERTY AND INNOVATION,CHALLENGES AND OPPORTUNITIES INNOVATION IN A CHANGING WORLDSECTION I- TECHNOLOGICAL AND SOCIETAL TRENDS WHO INFLUENCE INNOVATION acreativity aManagement aUniversity of Algiers 3 Faculty of Economics Commercial Sciences and ManagementeScientific publisher